• 首页
  • 本馆介绍
  • 公告通知
  • 最新文献
  • 馆藏检索
  • 电子资源
  • 读者导购
  • 参考咨询
  • 我的图书馆
  • 登录
  • 详细信息显示
  • 放入我的书架
  • 预约/预借图书
  • 作者相关作品
  • 分类相关作品
  • 丛书相关作品
  • 出版社相关作品

书目信息

  • 表格格式
  • 工作单格式
  • 卡片格式
题名:
畜禽养殖业清洁生产
    
 
作者: 张俊安 著
分册:  
出版信息: 长春   东北师范大学出版社  2017.11
页数: 252页
开本: 24cm
丛书名:
单 册:
中图分类: S815
科图分类:
主题词: 畜禽--饲养管理
电子资源:
ISBN: 978-7-5681-3947-2
000 00754nam0 2200217 450
001 5529
005 20181016105112.50
010    @a978-7-5681-3947-2@dCNY59.00
100    @a20180714d2017 em y0chiy50 ea
101 0  @achi
102    @aCN@b220000
105    @ay z 000yy
200 1  @a畜禽养殖业清洁生产@9chu qin yang zhi ye qing jie sheng chan@f张俊安著
210    @a长春@c东北师范大学出版社@d2017.11
215    @a252页@d24cm
330    @a本书共分十章,内容包括:清洁生产概述、畜禽养殖生态环境影响分析、畜禽养殖业资源环境承载能力分析、畜禽养殖业的清洁生产模式研究、畜禽养殖业清洁生产的国际经验等。
606 0  @a畜禽@x饲养管理
690    @aS815@v5
701  0 @a张俊安@9zhang jun an@4著
801  0 @aCN@b91MARC@c20180714
905    @aMuseLib@dS815@e186
    
    畜禽养殖业清洁生产/张俊安著.-长春:东北师范大学出版社,2017.11
    252页;24cm
    
    
    ISBN 978-7-5681-3947-2:CNY59.00
    本书共分十章,内容包括:清洁生产概述、畜禽养殖生态环境影响分析、畜禽养殖业资源环境承载能力分析、畜禽养殖业的清洁生产模式研究、畜禽养殖业清洁生产的国际经验等。
●
相关链接 在E读中查询图书 在五车中查询图书 在当当中查询图书 在豆瓣中查询图书


正题名:畜禽养殖业清洁生产     索取号:S815/186         预约/预借

序号 登录号 条形码 馆藏地/架位号 状态 备注
1 1130155   211301553   第二样本阅览室/ [索取号:S815/186] 在馆    
2 1130156   211301562   密集书库-生命科学系/ [索取号:S815/186] 在馆    
3 1130157   211301571   第三借阅区/ [索取号:S815/186] 在馆    
4 1130158   211301580   第三借阅区/ [索取号:S815/186] 在馆    
5 1130159   211301599   第三借阅区/ [索取号:S815/186] 在馆    
唐山师范学院图书馆 欢迎您!
大连网信软件有限公司© 版权所有